Macro-engineering and the infrastructure of tomorrow / (Record no. 182328)

000 -LEADER
fixed length control field 01111 a2200265 4500
003 - CONTROL NUMBER IDENTIFIER
control field Nust
005 - DATE AND TIME OF LATEST TRANSACTION
control field 20221018144303.0
010 ## - LIBRARY OF CONGRESS CONTROL NUMBER
LC control number 78019625
020 ## - INTERNATIONAL STANDARD BOOK NUMBER
International Standard Book Number 0891582940
040 ## - CATALOGING SOURCE
Transcribing agency Nust
082 00 - DEWEY DECIMAL CLASSIFICATION NUMBER
Classification number 620,MAC
245 00 - TITLE STATEMENT
Title Macro-engineering and the infrastructure of tomorrow /
Statement of responsibility, etc. edited by Frank P. Davidson, L. J. Giacoletto, and Robert Salkeld.
260 ## - PUBLICATION, DISTRIBUTION, ETC.
Place of publication, distribution, etc. Boulder, Colo. :
Name of publisher, distributor, etc. Published by Westview Press for the American Association for the Advancement of Science,
Date of publication, distribution, etc. 1978.
300 ## - PHYSICAL DESCRIPTION
Extent xviii, 280 p. :
Other physical details ill. ;
Dimensions 24 cm.
490 1# - SERIES STATEMENT
Series statement AAAS selected symposium ; 23
505 ## - FORMATTED CONTENTS NOTE
Formatted contents note Assessing Costs and / Or Benefits of all Kinds (Page-1), Cases for the Future (Page-89), Public Policy issues (Page-219).
650 #0 - SUBJECT ADDED ENTRY--TOPICAL TERM
Topical term or geographic name entry element Engineering
General subdivision Congresses.
9 (RLIN) 40474
650 #0 - SUBJECT ADDED ENTRY--TOPICAL TERM
Topical term or geographic name entry element Technological forecasting
General subdivision Congresses.
9 (RLIN) 40475
650 #0 - SUBJECT ADDED ENTRY--TOPICAL TERM
Topical term or geographic name entry element Twentieth century
General subdivision Forecasts
-- Congresses.
9 (RLIN) 40476
700 1# - ADDED ENTRY--PERSONAL NAME
Personal name Davidson, Frank Paul, 1918-
9 (RLIN) 40477
700 1# - ADDED ENTRY--PERSONAL NAME
Personal name Giacoletto, Lawrence Joseph,
Dates associated with a name 1916-
9 (RLIN) 100641
700 1# - ADDED ENTRY--PERSONAL NAME
Personal name Salkeld, Robert,
Dates associated with a name 1932-
9 (RLIN) 100642
830 #0 - SERIES ADDED ENTRY--UNIFORM TITLE
Uniform title AAAS selected symposium ;
9 (RLIN) 100643
942 ## - ADDED ENTRY ELEMENTS (KOHA)
Source of classification or shelving scheme
Koha item type Book
Holdings
Withdrawn status Lost status Source of classification or shelving scheme Damaged status Not for loan Permanent Location Current Location Shelving location Date acquired Full call number Barcode Date last seen Price effective from Koha item type Public note
          Military College of Signals (MCS) Military College of Signals (MCS) General Stacks 12/12/2016 620,MAC MCS7239 12/08/2016 12/12/2016 Book Almirah No.26, Shelf No.5
© 2023 Central Library, National University of Sciences and Technology. All Rights Reserved.